[Event "Junior Online 4NCL Division 5"]
[Site "online"]
[Date "2020.05.07"]
[Round "4.1"]
[White "Sundararaju, Ritvik"]
[Black "Rathkey, Nia"]
[Result "0-1"]
[WhiteElo "737"]
[BlackElo "963"]
[PlyCount "60"]
[EventDate "2020.05.07"]
[WhiteTeam "Uxbridge Juniors C"]
[BlackTeam "Entangled States"]

1. e4 e5 2. Qf3 Nf6 3. Bc4 Nc6 4. Qe2 d5 5. exd5 Nxd5 6. Bxd5 Qxd5 7. c4 Qd7 8.
Nf3 Bd6 9. d3 Qe7 10. O-O Bg4 11. Bg5 Bxf3 12. gxf3 Qxg5+ 13. Kh1 Nd4 14. f4
Qxf4 15. Qe3 Qg4 16. Rg1 Qe2 17. c5 Be7 18. Nc3 Qxe3 19. fxe3 Nf3 20. Rxg7 Bxc5
21. Rf1 Nd2 22. Rfxf7 O-O-O 23. Nb5 c6 24. Rc7+ Kb8 25. Rxb7+ Ka8 26. Nc7+ Kxb7
27. Ne6+ Kc8 28. Nxc5 Rhg8 29. Rxh7 Nf3 30. Rxa7 Rg1# 0-1

[Event "Junior Online 4NCL Division 5"]
[Site "online"]
[Date "2020.05.07"]
[Round "4.2"]
[White "Siddall, George"]
[Black "Chopra, Raashi"]
[Result "1/2-1/2"]
[WhiteElo "651"]
[BlackElo "700"]
[PlyCount "77"]
[EventDate "2020.05.07"]
[WhiteTeam "Entangled States"]
[BlackTeam "Uxbridge Juniors C"]

1. e4 e6 2. d4 Nf6 3. e5 Nh5 4. Qxh5 Bb4+ 5. Bd2 Be7 6. Nc3 g6 7. Qg4 h5 8. Qe4
f5 9. exf6 Bxf6 10. Qxg6+ Ke7 11. Bg5 d5 12. Qxf6+ Ke8 13. Qxh8+ Kd7 14. Qxd8+
Kc6 15. Qxc8 e5 16. dxe5 d4 17. Nb5 a6 18. Qxc7+ Kd5 19. Bc4+ Ke4 20. Qxb7+ Kf5
21. h4 Nd7 22. Qxa8 axb5 23. Bxb5 Nb6 24. Nf3 Nxa8 25. a4 Nc7 26. Bc6 Ne6 27.
a5 Nc7 28. a6 Ke6 29. a7 d3 30. cxd3 Kf5 31. a8=Q Nxa8 32. Rxa8 Ke6 33. b4 Kf5
34. Ra7 Kg4 35. e6 Kf5 36. e7 Ke6 37. e8=Q+ Kf5 38. Rf7+ Kg4 39. Qg8 1/2-1/2

[Event "Junior Online 4NCL Division 5"]
[Site "online"]
[Date "2020.05.07"]
[Round "4.5"]
[White "Osborne, Finn"]
[Black "Burke, Alexander"]
[Result "0-1"]
[WhiteElo "742"]
[BlackElo "1300"]
[PlyCount "46"]
[EventDate "2020.05.07"]
[WhiteTeam "TSK Tigers C"]
[BlackTeam "Manchester Juniors B"]

1. e4 e5 2. Nf3 d6 3. Bb5+ c6 4. Bc4 Be6 5. Bxe6 fxe6 6. d3 Be7 7. O-O Nf6 8.
Bg5 O-O 9. Nh4 Nxe4 10. Bxe7 Qxe7 11. Qg4 Nf6 12. Qg5 h6 13. Ng6 Qf7 14. Qg3
Nh5 15. Qg4 Nf6 16. Nh8 Kxh8 17. Qh4 d5 18. c3 e4 19. dxe4 Nxe4 20. Qh3 Nxf2
21. Qe3 Nh3+ 22. Kh1 Qxf1+ 23. Qg1 Qxg1# 0-1

[Event "Junior Online 4NCL Division 5"]
[Site "online"]
[Date "2020.05.07"]
[Round "4.6"]
[White "Eccleston, Rowan"]
[Black "Quin, Nicolas"]
[Result "1-0"]
[WhiteElo "1217"]
[BlackElo "660"]
[PlyCount "91"]
[EventDate "2020.05.07"]
[WhiteTeam "Manchester Juniors B"]
[BlackTeam "TSK Tigers C"]

1. f4 d5 2. Nf3 Nf6 3. e3 Nc6 4. Bb5 e6 5. Bxc6+ bxc6 6. b3 Bc5 7. Bb2 O-O 8.
Ne5 Qe7 9. Nxc6 Qd6 10. Ne5 g6 11. Nd3 Ne4 12. Nxc5 Nxc5 13. Ba3 c6 14. d4 Qd8
15. Bxc5 Re8 16. Nd2 Ba6 17. c4 Qa5 18. O-O dxc4 19. Nxc4 Qc3 20. Rc1 Qxc1 21.
Qxc1 Rab8 22. Rf3 Kg7 23. Nd6 Red8 24. Rg3 Bd3 25. Qd1 Ba6 26. Qh5 Kf6 27. Qe5+
Ke7 28. Nb7+ Ke8 29. Nxd8 Rxd8 30. Qh8+ Kd7 31. Qxh7 Kc7 32. Qxf7+ Kc8 33. Qxa7
Bb7 34. Be7 Rd7 35. Bc5 Kd8 36. Qb8+ Bc8 37. Bb6+ Ke7 38. Qxc8 Kd6 39. Rxg6 Kd5
40. Qxd7+ Ke4 41. Qxe6+ Kd3 42. Qc4+ Kxe3 43. f5 Kf4 44. f6 Kf5 45. f7 Kxg6 46.
f8=Q 1-0

[Event "Junior Online 4NCL Division 5"]
[Site "online"]
[Date "2020.05.07"]
[Round "4.7"]
[White "Choung, James Alexander"]
[Black "Casserly, Darcy"]
[Result "0-1"]
[WhiteElo "630"]
[BlackElo "1075"]
[PlyCount "36"]
[EventDate "2020.05.07"]
[WhiteTeam "TSK Tigers C"]
[BlackTeam "Manchester Juniors B"]

1. e4 e5 2. Nf3 Nc6 3. Nc3 Nf6 4. d4 Bb4 5. dxe5 Ng4 6. Bf4 O-O 7. Bb5 f6 8.
exf6 Rxf6 9. Bg5 d6 10. Bxc6 bxc6 11. Bxf6 Qxf6 12. O-O Qg6 13. Ne2 Ne5 14.
Nxe5 dxe5 15. Qd8+ Kf7 16. Qxc7+ Be7 17. Qxe5 Bh3 18. f3 Qxg2# 0-1

[Event "Junior Online 4NCL Division 5"]
[Site "online"]
[Date "2020.05.07"]
[Round "4.8"]
[White "Meredith, George"]
[Black "Squirrell, Baxter"]
[Result "0-1"]
[WhiteElo "1082"]
[BlackElo "589"]
[PlyCount "80"]
[EventDate "2020.05.07"]
[WhiteTeam "Manchester Juniors B"]
[BlackTeam "TSK Tigers C"]

1. e4 e5 2. Nf3 Nc6 3. Nc3 Nf6 4. Bc4 Bc5 5. Bb5 O-O 6. a3 d6 7. O-O Bg4 8. d3
Qe7 9. Bg5 Bd4 10. Qe2 a6 11. Bxc6 bxc6 12. Ra2 c5 13. Nd5 Qe6 14. Nxf6+ gxf6
15. Bh6 Qxa2 16. Bxf8 Rxf8 17. b4 cxb4 18. axb4 Qa4 19. h3 Be6 20. Qd2 c5 21.
bxc5 Bxc5 22. c3 d5 23. Qh6 dxe4 24. dxe4 Rb8 25. Qxf6 Rb6 26. Qg5+ Kf8 27.
Qxe5 Bd6 28. Qf6 Qxe4 29. Qh8+ Ke7 30. Qd4 Qxd4 31. cxd4 a5 32. Ng5 Bc4 33. Rc1
Bd5 34. Nxh7 Ra6 35. Ng5 a4 36. Nf3 a3 37. Ra1 a2 38. Rc1 a1=Q 39. Rxa1 Rxa1+
40. Ne1 Rxe1# 0-1

[Event "Junior Online 4NCL Division 5"]
[Site "online"]
[Date "2020.05.07"]
[Round "4.9"]
[White "Burke, Alexander"]
[Black "Osborne, Finn"]
[Result "0-1"]
[WhiteElo "1300"]
[BlackElo "742"]
[PlyCount "56"]
[EventDate "2020.05.07"]
[WhiteTeam "Manchester Juniors B"]
[BlackTeam "TSK Tigers C"]

1. d4 d5 2. e3 Nc6 3. c4 e6 4. c5 e5 5. Bb5 exd4 6. exd4 Qe7+ 7. Be3 Nf6 8. Nc3
Ng4 9. Qd2 Qe6 10. Nf3 Nxe3 11. fxe3 Kd8 12. Bxc6 bxc6 13. O-O Qg4 14. Ne5 Qg5
15. Nxf7+ Ke7 16. Nxg5 Ba6 17. Rf7+ Ke8 18. e4 Be7 19. exd5 Bxg5 20. Qxg5 Kxf7
21. Qf5+ Ke7 22. dxc6 Rhf8 23. Qe5+ Kf7 24. Qd5+ Ke7 25. Re1+ Kf6 26. Re6+ Kf7
27. Rh6+ Ke8 28. Rxh7 Rf1# 0-1

[Event "Junior Online 4NCL Division 5"]
[Site "online"]
[Date "2020.05.07"]
[Round "4.10"]
[White "Quin, Nicolas"]
[Black "Eccleston, Rowan"]
[Result "0-1"]
[WhiteElo "660"]
[BlackElo "1217"]
[PlyCount "88"]
[EventDate "2020.05.07"]
[WhiteTeam "TSK Tigers C"]
[BlackTeam "Manchester Juniors B"]

1. e4 e6 2. Nf3 d5 3. Nc3 c5 4. d3 Qb6 5. exd5 Nf6 6. dxe6 Bxe6 7. Qe2 Bd6 8.
Ng5 O-O 9. Nxe6 fxe6 10. Qxe6+ Rf7 11. Qc8+ Rf8 12. Qe6+ Kh8 13. Nd5 Qb5 14. d4
Qc6 15. Ne7 Re8 16. Nxc6 Rxe6+ 17. Be2 Nxc6 18. d5 Nxd5 19. O-O Rxe2 20. c4 Nf6
21. Bg5 Re5 22. Bf4 Re6 23. Rad1 Bxf4 24. g3 Bc7 25. a3 Ng4 26. Rd2 Rh6 27. Kg2
Rxh2+ 28. Kf3 Nge5+ 29. Kf4 Nxc4+ 30. Kf3 Nxd2+ 31. Ke2 Nxf1 32. Kxf1 Re8 33.
Kg1 Rh6 34. g4 Re1+ 35. Kg2 Reh1 36. g5 R6h2+ 37. Kf3 Re1 38. a4 Nd4+ 39. Kg4
Rhh1 40. g6 hxg6 41. Kg5 Re2 42. a5 Rxf2 43. a6 Rg1+ 44. Kh4 Rh2# 0-1

[Event "Junior Online 4NCL Division 5"]
[Site "online"]
[Date "2020.05.07"]
[Round "4.11"]
[White "Casserly, Darcy"]
[Black "Choung, James Alexander"]
[Result "0-1"]
[WhiteElo "1075"]
[BlackElo "630"]
[PlyCount "80"]
[EventDate "2020.05.07"]
[WhiteTeam "Manchester Juniors B"]
[BlackTeam "TSK Tigers C"]

1. e4 e5 2. Nf3 Nc6 3. Bc4 Nf6 4. Ng5 d5 5. exd5 Nxd5 6. Qf3 Qxg5 7. Bxd5 Bc5
8. Qxf7+ Kd8 9. Nc3 Qxg2 10. Rf1 Qxh2 11. d4 exd4 12. Bg5+ Ne7 13. Kd1 Qd6 14.
Re1 Re8 15. Ne4 Bg4+ 16. Kc1 h6 17. Nxd6 cxd6 18. Bxe7+ Kd7 19. Be6+ Bxe6 20.
Qxe6+ Kc6 21. a3 Rac8 22. b4 Bb6 23. Qxd6+ Kb5 24. a4+ Kc4 25. Qe6+ Kc3 26.
Re3+ d3 27. Rh3 Rc6 28. cxd3 Rxe6 29. d4+ Kxd4 30. Bh4 g5 31. Bg3 Bd8 32. Bh2
Re1+ 33. Kb2 R8e2+ 34. Ka3 Rxa1+ 35. Kb3 g4 36. Rxh6 Rxf2 37. Bg3 Rf3+ 38. Kc2
Ra2+ 39. Kc1 Rf1+ 40. Be1 Rxe1# 0-1

[Event "Junior Online 4NCL Division 5"]
[Site "online"]
[Date "2020.05.07"]
[Round "4.12"]
[White "Squirrell, Baxter"]
[Black "Meredith, George"]
[Result "1-0"]
[WhiteElo "589"]
[BlackElo "1082"]
[PlyCount "77"]
[EventDate "2020.05.07"]
[WhiteTeam "TSK Tigers C"]
[BlackTeam "Manchester Juniors B"]

1. e4 e5 2. Nf3 Nc6 3. Bc4 Nf6 4. Ng5 d5 5. exd5 Nxd5 6. Qf3 Be7 7. Nxf7 Qd6 8.
Nxd6+ Bxd6 9. O-O Bd7 10. Qxd5 O-O-O 11. Bb5 a6 12. Bxc6 Bxc6 13. Qf7 Be4 14.
Na3 Bxa3 15. bxa3 Bxc2 16. Qxg7 Bd3 17. Re1 Be4 18. Rxe4 Rd3 19. Qxh8+ Kd7 20.
Rxe5 c6 21. Qxh7+ Kc8 22. Re8+ Rd8 23. Re4 Rd7 24. Qf5 Kc7 25. Rb1 b5 26. a4
Rd6 27. axb5 axb5 28. Ba3 Rxd2 29. Ra1 Rd3 30. Bf8 Kb6 31. Bc5+ Ka5 32. Bb4+
Kb6 33. Qc5+ Kc7 34. Ba5+ Kd7 35. Re7+ Kc8 36. Qa7 c5 37. Re8+ Rd8 38. Bxd8 c4
39. Bh4# 1-0

[Event "Junior Online 4NCL Division 5"]
[Site "online"]
[Date "2020.05.07"]
[Round "4.15"]
[White "Israni, Ishita"]
[Black "Sheftel, Sam"]
[Result "0-1"]
[WhiteElo "306"]
[BlackElo "1075"]
[PlyCount "54"]
[EventDate "2020.05.07"]
[WhiteTeam "East Kilbride Rooks"]
[BlackTeam "Long Ditton St Mary's"]

1. e4 e5 2. Nf3 d6 3. Nc3 a6 4. Bc4 Nc6 5. d3 Bg4 6. O-O Bxf3 7. Qxf3 Nf6 8. g3
b5 9. Bd5 Nd4 10. Qd1 Nxd5 11. exd5 Qf6 12. Be3 Nf3+ 13. Kh1 Qf5 14. Ne4 Qh5
15. Qxf3 Qxf3+ 16. Kg1 Be7 17. Nd2 Qg4 18. f3 Qh3 19. Rfe1 h5 20. Bf2 h4 21. a4
hxg3 22. Bxg3 Bh4 23. Nf1 Bxg3 24. Nxg3 Qxh2+ 25. Kf1 Qxg3 26. axb5 Qxf3+ 27.
Kg1 Rh1# 0-1

[Event "Junior Online 4NCL Division 5"]
[Site "online"]
[Date "2020.05.07"]
[Round "4.16"]
[White "Holben, Joseph"]
[Black "Biswas, Snigdha"]
[Result "1-0"]
[WhiteElo "1067"]
[BlackElo "300"]
[PlyCount "67"]
[EventDate "2020.05.07"]
[WhiteTeam "Long Ditton St Mary's"]
[BlackTeam "East Kilbride Rooks"]

1. d4 Nf6 2. b3 Nc6 3. Bg5 d5 4. Nc3 e5 5. dxe5 Nxe5 6. e3 Bg4 7. f3 Bc8 8.
Bb5+ Nc6 9. Nh3 d4 10. exd4 Qd7 11. d5 Nxd5 12. Nxd5 Ba3 13. O-O Bb2 14. Qe1+
Qe6 15. Nxc7+ Kd7 16. Nxe6 fxe6 17. Rd1+ Ke8 18. Nf4 a6 19. Bc4 Bd4+ 20. Kh1 e5
21. c3 Ba7 22. Bd5 Kd7 23. Be4+ Kc7 24. Nd5+ Kb8 25. f4 Re8 26. fxe5 Rxe5 27.
Qg3 h6 28. Bf4 Bb6 29. Bxe5+ Nxe5 30. Nxb6 Bg4 31. Qxe5+ Ka7 32. Rd6 Be2 33.
Qe7 Bxf1 34. Qxb7# 1-0

[Event "Junior Online 4NCL Division 5"]
[Site "online"]
[Date "2020.05.07"]
[Round "4.17"]
[White "Bhattacharjee, Aaditya"]
[Black "New, Felix"]
[Result "1-0"]
[WhiteElo "250"]
[BlackElo "1015"]
[PlyCount "35"]
[EventDate "2020.05.07"]
[WhiteTeam "East Kilbride Rooks"]
[BlackTeam "Long Ditton St Mary's"]

1. e4 e5 2. Nf3 Bc5 3. Nc3 Nf6 4. Bc4 Ng4 5. O-O Qf6 6. d3 Bxf2+ 7. Rxf2 Nxf2
8. Kxf2 d6 9. Bg5 Qg6 10. Nd5 O-O 11. Nxc7 h6 12. Nd5 hxg5 13. Ne7+ Kh8 14.
Nxg6+ fxg6 15. Qd2 g4 16. Qg5 gxf3 17. gxf3 Nc6 18. Qh4# 1-0

[Event "Junior Online 4NCL Division 5"]
[Site "online"]
[Date "2020.05.07"]
[Round "4.18"]
[White "Kan, Sam"]
[Black "Vusikala, Tarun"]
[Result "0-1"]
[WhiteElo "1000"]
[BlackElo "103"]
[PlyCount "48"]
[EventDate "2020.05.07"]
[WhiteTeam "Long Ditton St Mary's"]
[BlackTeam "East Kilbride Rooks"]

1. e4 c5 2. Qh5 e6 3. Nh3 Nf6 4. Qe5 d6 5. Qg3 Nxe4 6. Qh4 Qxh4 7. g3 Qg4 8.
Bb5+ Bd7 9. Bf1 e5 10. d3 Nxf2 11. Kxf2 Qd4+ 12. Ke1 Bxh3 13. Bxh3 Nc6 14. Rf1
Nb4 15. c3 Nc2+ 16. Kd2 Nxa1 17. cxd4 cxd4 18. Kd1 d5 19. Rf5 Bd6 20. Nd2 O-O-O
21. Rxf7+ Kb8 22. Rxg7 Bf8 23. Rg5 Bh6 24. Rg7 Bxg7 0-1

[Event "Junior Online 4NCL Division 5"]
[Site "online"]
[Date "2020.05.07"]
[Round "4.19"]
[White "Sheftel, Sam"]
[Black "Israni, Ishita"]
[Result "1-0"]
[WhiteElo "1075"]
[BlackElo "306"]
[PlyCount "61"]
[EventDate "2020.05.07"]
[WhiteTeam "Long Ditton St Mary's"]
[BlackTeam "East Kilbride Rooks"]

1. e4 e5 2. Bc4 Nc6 3. Nc3 Nf6 4. d3 Bc5 5. a3 d6 6. b4 Bb6 7. Nd5 Nxd5 8. Bxd5
Nd4 9. c3 Nb5 10. Qf3 O-O 11. Qg3 g6 12. Bh6 Be6 13. Bxe6 fxe6 14. Bxf8 Qxf8
15. Nf3 Nxc3 16. O-O Ne2+ 17. Kh1 Nxg3+ 18. fxg3 g5 19. Nxg5 Qh6 20. Nf7 Qd2
21. h4 Qxd3 22. Nh6+ Kg7 23. Ng4 Qxe4 24. Nh2 Re8 25. Rae1 Qd3 26. Rf3 Qd2 27.
Ref1 d5 28. Rf7+ Kg6 29. R1f6+ Kh5 30. Rxh7+ Qh6 31. Rfxh6# 1-0

[Event "Junior Online 4NCL Division 5"]
[Site "online"]
[Date "2020.05.07"]
[Round "4.20"]
[White "Biswas, Snigdha"]
[Black "Holben, Joseph"]
[Result "0-1"]
[WhiteElo "300"]
[BlackElo "1067"]
[PlyCount "78"]
[EventDate "2020.05.07"]
[WhiteTeam "East Kilbride Rooks"]
[BlackTeam "Long Ditton St Mary's"]

1. e4 b6 2. Nc3 g6 3. d4 e6 4. Nf3 Nf6 5. Bf4 Bb4 6. Bc4 Nxe4 7. Qe2 d5 8. Be5
f6 9. Bf4 dxc4 10. Qxe4 c6 11. Qxc6+ Nxc6 12. O-O-O Ba6 13. Bh6 g5 14. Bg7 Rg8
15. Bh6 Rg6 16. Rhe1 Qe7 17. d5 Qc7 18. Rxe6+ Kd7 19. Rxc6 Qf4+ 20. Rd2 Rxh6
21. Nd4 Rxh2 22. Ne6 Rh1+ 23. Nd1 Qg4 24. Rc7+ Kd6 25. Rc6+ Ke5 26. d6 Bxd2+
27. Kxd2 Qxd1+ 28. Kc3 Rh4 29. d7 Qxd7 30. g3 Rh2 31. f4+ gxf4 32. gxf4+ Kf5
33. Ng7+ Kxf4 34. Rxf6+ Ke4 35. Re6+ Kf3 36. Rf6+ Kg3 37. Nf5+ Kg4 38. Nh6+ Kg5
39. Rf7 Qd2# 0-1

[Event "Junior Online 4NCL Division 5"]
[Site "online"]
[Date "2020.05.07"]
[Round "4.21"]
[White "New, Felix"]
[Black "Bhattacharjee, Aaditya"]
[Result "1-0"]
[WhiteElo "1015"]
[BlackElo "250"]
[PlyCount "35"]
[EventDate "2020.05.07"]
[WhiteTeam "Long Ditton St Mary's"]
[BlackTeam "East Kilbride Rooks"]

1. d4 d5 2. Bf4 Nc6 3. Nc3 Nf6 4. Nb5 Qd7 5. Nxc7+ Kd8 6. Nxa8 Nxd4 7. Qxd4 e6
8. Bc7+ Ke8 9. O-O-O b6 10. Nf3 Ba6 11. Qe5 Ng4 12. Qg5 Nf6 13. Ne5 Qb5 14. e3
Bb4 15. Bxb5+ Bxb5 16. Qxg7 Rg8 17. Qxf6 Rxg2 18. Qd8# 1-0

[Event "Junior Online 4NCL Division 5"]
[Site "online"]
[Date "2020.05.07"]
[Round "4.22"]
[White "Vusikala, Tarun"]
[Black "Kan, Sam"]
[Result "1-0"]
[WhiteElo "103"]
[BlackElo "1000"]
[PlyCount "81"]
[EventDate "2020.05.07"]
[WhiteTeam "East Kilbride Rooks"]
[BlackTeam "Long Ditton St Mary's"]

1. d4 e6 2. e4 Qh4 3. Nc3 Nf6 4. Nf3 Qh5 5. Bb5 c6 6. Bc4 Bd6 7. O-O O-O 8. Bg5
Be7 9. Bxf6 Bxf6 10. e5 Bg5 11. Nxg5 Qxg5 12. Ne4 Qf5 13. Bd3 d5 14. Nd6 Qh5
15. Qxh5 g6 16. Qh4 Na6 17. Qh6 Rb8 18. Rfe1 Rd8 19. Re3 Nb4 20. Rh3 Nxd3 21.
Qxh7+ Kf8 22. Qh6+ Ke7 23. Nxc8+ Rdxc8 24. Qh4+ Kd7 25. Rxd3 Rh8 26. Qf6 Rhe8
27. Qxf7+ Kd8 28. Qxg6 Kc7 29. Qg7+ Kd8 30. Qf6+ Kc7 31. Qf7+ Kd8 32. h4 Re7
33. Qf6 Kd7 34. h5 Ree8 35. Rh3 b5 36. Re1 Rf8 37. Qg7+ Ke8 38. h6 a6 39. h7 a5
40. h8=Q Rxh8 41. Rxh8# 1-0

[Event "Junior Online 4NCL Division 5"]
[Site "online"]
[Date "2020.05.07"]
[Round "4.26"]
[White "Liu, Franklin"]
[Black "Mangalagiri, Pranav"]
[Result "1-0"]
[WhiteElo "1300"]
[BlackElo "970"]
[PlyCount "91"]
[EventDate "2020.05.07"]
[WhiteTeam "Ojays G"]
[BlackTeam "Uxbridge Juniors B1"]

1. e4 e6 2. d4 d5 3. e5 c5 4. c3 Nc6 5. Be3 c4 6. Nd2 Bd7 7. Be2 Nge7 8. Ngf3
f6 9. O-O fxe5 10. dxe5 Nc8 11. Re1 b6 12. b3 cxb3 13. axb3 Bc5 14. Bxc5 bxc5
15. c4 d4 16. Ne4 O-O 17. Bd3 Qc7 18. Nxc5 Nb6 19. Nxd7 Nxd7 20. Qe2 Rae8 21.
Ng5 Ncxe5 22. Bxh7+ Kh8 23. Qh5 Nf6 24. Qh3 g6 25. Bxg6+ Kg7 26. Bxe8 Rxe8 27.
Nxe6+ Rxe6 28. Qxe6 Neg4 29. Qe7+ Qxe7 30. Rxe7+ Kg6 31. Raxa7 d3 32. Ra1 Ng8
33. Re6+ Kf5 34. Rd6 Ke4 35. f3+ Ke3 36. fxg4 d2 37. Rd1 Ke2 38. R1xd2+ Ke3 39.
R2d5 Ke4 40. Rg5 Ne7 41. Re6+ Kf4 42. Rg7 Nc8 43. Rf7+ Kxg4 44. Rg6+ Kh5 45.
Rg8 Kh6 46. Rg3 1-0

[Event "Junior Online 4NCL Division 5"]
[Site "online"]
[Date "2020.05.07"]
[Round "4.28"]
[White "Chen, Yourui"]
[Black "Zyakhor, Cornelius"]
[Result "1-0"]
[WhiteElo "1270"]
[BlackElo "850"]
[PlyCount "47"]
[EventDate "2020.05.07"]
[WhiteTeam "Ojays G"]
[BlackTeam "Uxbridge Juniors B1"]

1. e4 e5 2. Nf3 d6 3. d4 f6 4. dxe5 dxe5 5. Qxd8+ Kxd8 6. Nc3 Ne7 7. Be3 h5 8.
O-O-O+ Ke8 9. Nb5 c6 10. Nc7+ Kf7 11. Bc4+ Kg6 12. Nh4+ Kh7 13. Nxa8 Bg4 14. f3
Be6 15. Bxe6 g5 16. Nf5 Ng6 17. h4 Nf4 18. Bxf4 gxf4 19. g4 hxg4 20. fxg4 f3
21. Rdf1 Bh6+ 22. g5 Bf8 23. Bf7 Nd7 24. g6# 1-0

[Event "Junior Online 4NCL Division 5"]
[Site "online"]
[Date "2020.05.07"]
[Round "4.30"]
[White "Mangalagiri, Pranav"]
[Black "Liu, Franklin"]
[Result "1-0"]
[WhiteElo "970"]
[BlackElo "1300"]
[PlyCount "53"]
[EventDate "2020.05.07"]
[WhiteTeam "Uxbridge Juniors B1"]
[BlackTeam "Ojays G"]

1. e4 e5 2. Nf3 Nc6 3. Bb5 a6 4. Bxc6 dxc6 5. Nxe5 Qe7 6. f4 f6 7. Ng4 Qxe4+ 8.
Ne3 Bc5 9. O-O Bxe3+ 10. dxe3 Ne7 11. Nc3 Qg6 12. Qd4 Bh3 13. Rf2 Rd8 14. Qa7
Bc8 15. e4 O-O 16. f5 Qf7 17. Bf4 Rd7 18. Rd1 Rfd8 19. Bxc7 Rxd1+ 20. Nxd1
Rxd1+ 21. Rf1 Rxf1+ 22. Kxf1 Nxf5 23. exf5 Qxc7 24. Qd4 Bxf5 25. Qc4+ Kh8 26.
Qe2 Qxh2 27. Qe8# 1-0

[Event "Junior Online 4NCL Division 5"]
[Site "online"]
[Date "2020.05.07"]
[Round "4.32"]
[White "Zyakhor, Cornelius"]
[Black "Chen, Yourui"]
[Result "0-1"]
[WhiteElo "850"]
[BlackElo "1270"]
[PlyCount "44"]
[EventDate "2020.05.07"]
[WhiteTeam "Uxbridge Juniors B1"]
[BlackTeam "Ojays G"]

1. d4 d5 2. Nf3 Nc6 3. Nc3 Nf6 4. Bf4 Bf5 5. Bg5 e6 6. Nb5 Be7 7. Qd2 h6 8. Bf4
Bd6 9. Be3 O-O 10. O-O-O a6 11. Nc3 b5 12. h3 b4 13. Na4 e5 14. g4 Bh7 15. g5
Ne4 16. gxh6 Nxd2 17. Bxd2 g6 18. Bg5 Qd7 19. Bf6 Rfe8 20. Rg1 Qf5 21. Nh4 Qxf6
22. Rg4 exd4 0-1

[Event "Junior Online 4NCL Division 5"]
[Site "online"]
[Date "2020.05.07"]
[Round "4.35"]
[White "Parizad, Anjal"]
[Black "Santhosh, Alwis Joe"]
[Result "0-1"]
[WhiteElo "1000"]
[BlackElo "1217"]
[PlyCount "70"]
[EventDate "2020.05.07"]
[WhiteTeam "Leicestershire Juniors 4"]
[BlackTeam "Ojays H"]

1. e4 e5 2. Nf3 Nc6 3. Nc3 Nf6 4. d3 h6 5. Be3 Be7 6. Be2 d6 7. d4 exd4 8. Nxd4
Nxd4 9. Bxd4 Be6 10. O-O O-O 11. e5 Nd7 12. exd6 cxd6 13. Qd3 Nf6 14. Qg3 b6
15. Rad1 d5 16. Rd3 Bd6 17. Qe3 Bf5 18. Rd2 Re8 19. Qf3 Bg4 20. Qd3 Bxe2 21.
Rxe2 Be7 22. Qe3 Qd7 23. Bxf6 Bxf6 24. Qd3 Bxc3 25. bxc3 Rad8 26. Qf3 Qc6 27.
Re3 Rxe3 28. Qxe3 d4 29. Qe7 Rd7 30. Qe8+ Kh7 31. Qe3 dxe3 32. fxe3 Qxc3 33.
Rf3 Qe1+ 34. Rf1 Qxe3+ 35. Rf2 Rd1# 0-1

[Event "Junior Online 4NCL Division 5"]
[Site "online"]
[Date "2020.05.07"]
[Round "4.36"]
[White "Wang, Yile"]
[Black "Fowkes, Holly"]
[Result "1-0"]
[WhiteElo "1127"]
[BlackElo "1000"]
[PlyCount "43"]
[EventDate "2020.05.07"]
[WhiteTeam "Ojays H"]
[BlackTeam "Leicestershire Juniors 4"]

1. e4 e5 2. Nf3 Nc6 3. Bc4 Nf6 4. Nc3 Bc5 5. d3 O-O 6. Bg5 h6 7. Bh4 d6 8. Qe2
Nd4 9. Nxd4 Bxd4 10. Nd5 Bg4 11. Nxf6+ gxf6 12. Qxg4+ Kh8 13. O-O Bxb2 14. Rab1
Bd4 15. Rbc1 Bb2 16. Rb1 Bd4 17. Rfe1 d5 18. exd5 e4 19. Rxe4 Be5 20. Rxe5 Rg8
21. Qh5 b5 22. Qxh6# 1-0

[Event "Junior Online 4NCL Division 5"]
[Site "online"]
[Date "2020.05.07"]
[Round "4.37"]
[White "Norton, Laurence"]
[Black "Terrado, Rhianne"]
[Result "0-1"]
[WhiteElo "887"]
[BlackElo "1120"]
[PlyCount "22"]
[EventDate "2020.05.07"]
[WhiteTeam "Leicestershire Juniors 4"]
[BlackTeam "Ojays H"]

1. e4 e5 2. d4 exd4 3. Qxd4 Nc6 4. Qd1 Bc5 5. Nf3 Nf6 6. Nc3 Ng4 7. Be3 Bxe3 8.
fxe3 Nxe3 9. Qd3 Nb4 10. Qc4 Nbxc2+ 11. Kf2 Nxc4 0-1

[Event "Junior Online 4NCL Division 5"]
[Site "online"]
[Date "2020.05.07"]
[Round "4.38"]
[White "Rivera Machens, Rafael"]
[Black "Sehgal, Garv"]
[Result "1-0"]
[WhiteElo "1067"]
[BlackElo "782"]
[PlyCount "109"]
[EventDate "2020.05.07"]
[WhiteTeam "Ojays H"]
[BlackTeam "Leicestershire Juniors 4"]

1. e4 e5 2. Nf3 Nc6 3. Bc4 Bc5 4. c3 Nf6 5. d4 d5 6. exd5 exd4 7. dxc6 bxc6 8.
cxd4 Bb4+ 9. Bd2 Bxd2+ 10. Nbxd2 O-O 11. O-O Bg4 12. h3 Bxf3 13. Qxf3 Qxd4 14.
Qc3 Rad8 15. Rfd1 Ne4 16. Nxe4 Qxe4 17. Bd3 Qe6 18. Bc4 Qg6 19. Bb3 Rde8 20.
Ba4 Re2 21. Bxc6 Qf5 22. Rf1 h6 23. Bf3 Rc2 24. Qb3 c5 25. Qa3 c4 26. Rfe1 a5
27. Qe3 a4 28. Qe8 Rxe8 29. Rxe8+ Kh7 30. Be4 Qxe4 31. Rxe4 a3 32. b3 c3 33.
Ree1 Rb2 34. Reb1 c2 35. Rc1 Kg6 36. Kf1 Kf5 37. Ke2 Ke4 38. Kd2 Kd4 39. Rxc2
Ke4 40. Rxb2 axb2 41. Rb1 f5 42. Rxb2 f4 43. b4 g5 44. b5 h5 45. g4 hxg4 46.
hxg4 Kf3 47. b6 Kxf2 48. Kd3+ Kg3 49. b7 f3 50. b8=Q+ Kxg4 51. Rf2 Kh4 52. Qb7
g4 53. Rxf3 g3 54. Rf4+ Kh3 55. Qh1# 1-0

[Event "Junior Online 4NCL Division 5"]
[Site "online"]
[Date "2020.05.07"]
[Round "4.39"]
[White "Santhosh, Alwis Joe"]
[Black "Parizad, Anjal"]
[Result "1-0"]
[WhiteElo "1217"]
[BlackElo "1000"]
[PlyCount "37"]
[EventDate "2020.05.07"]
[WhiteTeam "Ojays H"]
[BlackTeam "Leicestershire Juniors 4"]

1. e4 e5 2. Nf3 Nf6 3. Nc3 Nc6 4. Bc4 Be7 5. d3 d6 6. h3 Be6 7. Bb3 d5 8. exd5
Nxd5 9. Nxd5 Bxd5 10. Qe2 O-O 11. Nxe5 Bb4+ 12. c3 Bc5 13. d4 Bd6 14. Nxc6 Bxc6
15. Be3 Qe8 16. O-O Qe7 17. Bc2 Rae8 18. Qd3 Bxg2 19. Qxh7# 1-0

[Event "Junior Online 4NCL Division 5"]
[Site "online"]
[Date "2020.05.07"]
[Round "4.40"]
[White "Fowkes, Holly"]
[Black "Wang, Yile"]
[Result "0-1"]
[WhiteElo "1000"]
[BlackElo "1127"]
[PlyCount "54"]
[EventDate "2020.05.07"]
[WhiteTeam "Leicestershire Juniors 4"]
[BlackTeam "Ojays H"]

1. e4 e5 2. Nf3 Nc6 3. Bc4 Nf6 4. O-O Bc5 5. c3 d5 6. exd5 Nxd5 7. d4 exd4 8.
cxd4 Bb6 9. Ne5 O-O 10. Ng4 Bxd4 11. Re1 Nf6 12. Nxf6+ Qxf6 13. Bd3 Bxf2+ 14.
Kh1 Ne5 15. Qe2 Nxd3 16. Qxd3 Bxe1 17. h4 Qxh4+ 18. Kg1 Re8 19. Na3 h6 20. Be3
Bg3 21. Nb5 Bf4 22. g3 Qxg3+ 23. Kf1 Bh3+ 24. Ke2 Rxe3+ 25. Kd2 Rxd3+ 26. Kc2
Rd2+ 27. Kc1 Qe1# 0-1